Times record news

Detalles Bibliográficos
Título anterior:Wichita Falls record news
Wichita Falls times
Formato: Electrónico Periódico
Lenguaje:inglés
Publicado: Wichita Falls, Tex. : Times Pub. Co., [1987]-
Materias:
Acceso en línea:Full text available from Research Library: 12/29/1991 to 07/29/1997

MARC

LEADER 00000nas a2200000 a 4500
001 ssj0022824
003 WaSeSS
005 20200512172242.0
006 m d
007 cr n
008 870916c19879999txudr nes 0 a0eng d
010 |a sn 87002450  
022 |l 0895-6138  |y 0895-6138 
032 |a 683640  |b USPS 
035 |a (WaSeSS)ssj0022824 
037 |b Times Publishing Company, 1301 Lamar, P.O. Box 120, Wichita Falls, TX 76307 
040 |a NSD  |b eng  |c NSD  |d DLC  |d CUS  |d OCLCQ  |d TMI  |d OCLCQ  |d OCLCF  |d DLC  |d WaSeSS 
042 |a msc  |a nsdp 
043 |a n-us-tx 
222 0 |a Times record news 
245 0 0 |a Times record news  |h [electronic resource]. 
246 1 3 |a Wichita Falls times record news 
246 1 |i Sunday issues for <Oct. 20-27, 2002> have title:  |a Sunday times record news 
260 |a Wichita Falls, Tex. :  |b Times Pub. Co.,  |c [1987]- 
310 |a Daily 
362 0 |a Vol. 81, no. 94 (Tuesday, Sept. 1, 1987)- 
506 |a License restrictions may limit access. 
515 |a Assumes the vol. numbering of: Wichita Falls times. 
580 |a Merger of: Wichita Falls record news, and: Wichita Falls times. 
588 |a Latest issue consulted: Vol. 96, no. 1 (Oct. 31, 2002). 
651 0 |a Wichita Falls (Tex.)  |v Newspapers. 
651 7 |a Texas  |z Wichita Falls.  |2 fast  |0 (OCoLC)fst01217756 
655 0 |a Electronic journals. 
752 |a United States  |b Texas  |c Wichita  |d Wichita Falls. 
780 1 4 |t Wichita Falls record news  |x 0739-1293  |w (DLC)sn 83004241 
780 1 4 |t Wichita Falls times  |x 0739-1285  |w (DLC)sn 83004240 
856 4 0 |z Full text available from Research Library: 12/29/1991 to 07/29/1997  |u https://search.proquest.com/publication/47074